00449nam a22001577a 450000500170000001000150001702000300003203500140006203700130007608200080008910000250009724500500012226000290017227000440020130000460024520211202111322.0 aENG-130168 a978-81-7883-800-7c700.00 aEN-113700 bDBAD/PUB a100 aTapasyananda, Swami. aBhakti Schools of VedantacSwami Tapasyananda aChennaibAdhyakshac2019 bChennaiaSri Ramakrishan Math, Mylapore axvii, 514p.c21cm(hbk)bAppendices, Index